[Event "EUR-chT Seniors 50"]
[Site "Mali Losinj"]
[Date "2019.09.26"]
[Round "9.2"]
[White "Olsen, Oystein Leif"]
[Black "Mohr, Georg"]
[Result "0-1"]
[WhiteElo "1974"]
[BlackElo "2445"]
[PlyCount "56"]
[EventDate "2019.09.18"]
[EventType "team-swiss"]
[EventRounds "9"]
[EventCountry "CRO"]
[SourceTitle "EXT 2020"]
[Source "ChessBase"]
[SourceDate "2019.10.17"]
[SourceVersion "1"]
[SourceVersionDate "2019.10.17"]
[SourceQuality "1"]
[WhiteTeam "Agder 50"]
[BlackTeam "Maribor 50"]
[WhiteTeamCountry "NOR"]
[BlackTeamCountry "SLO"]

1. e4 e6 2. d4 d5 3. e5 c5 4. c3 Nc6 5. Nf3 Qb6 6. a3 a5 7. Bd3 Bd7 8. Bc2 f6 9. 0-0 fxe5 10. dxe5 g6 11. a4 Bg7 12. Re1 Nh6 13. Na3 0-0 14. Nb5 Nf7 15. Bf4 Nd6 16. exd6 Rxf4 17. Nc7 Raf8 18. Nxe6 Bxe6 19. Rxe6 Nd8 20. Qxd5 Nxe6 21. Qxe6+ Kh8 22. Rd1 Qxb2 23. d7 Rd8 24. Be4 Rf6 25. Qd5 Rff8 26. Rd2 Qxc3 27. Ng5 Bd4 28. Rxd4 Qe1# 0-1

[Event "EUR-chT Seniors 50"]
[Site "Mali Losinj"]
[Date "2019.09.22"]
[Round "5.6"]
[White "Olsen, Oystein Leif"]
[Black "Burchardt, Brigitte"]
[Result "0-1"]
[WhiteElo "1974"]
[BlackElo "2092"]
[PlyCount "86"]
[EventDate "2019.09.18"]
[EventType "team-swiss"]
[EventRounds "9"]
[EventCountry "CRO"]
[SourceTitle "EXT 2020"]
[Source "ChessBase"]
[SourceDate "2019.10.17"]
[SourceVersion "1"]
[SourceVersionDate "2019.10.17"]
[SourceQuality "1"]
[WhiteTeam "Agder 50"]
[BlackTeam "Germany (Women) 50"]
[WhiteTeamCountry "NOR"]
[BlackTeamCountry "GER"]

1. Nf3 d5 2. g3 Nf6 3. Bg2 c6 4. 0-0 h6 5. d3 Bf5 6. Nbd2 Bh7 7. Qe1 Nbd7 8. e4 dxe4 9. dxe4 e5 10. Qe2 Qc7 11. a4 Be7 12. a5 0-0 13. Nh4 Rfe8 14. Bh3 Bb4 15. Bf5 Bxa5 16. Nc4 Bb4 17. Bxh7+ Kxh7 18. Nf5 b5 19. Nce3 Bf8 20. Ng4 Ng8 21. f4 g6 22. Nh4 Bd6 23. f5 Rf8 24. Qd2 Bc5+ 25. Kh1 Qd6 26. Qg2 Ndf6 27. Nxf6+ Nxf6 28. Bxh6 Kxh6 29. Rad1 Qe7 30. Qd2+ g5 31. Qg2 Kg7 32. Nf3 Nxe4 33. Rde1 Nf2+ 34. Rxf2 Bxf2 35. Qxf2 f6 36. h4 Qd7 37. g4 gxh4 38. Nxh4 Rh8 39. Kg2 Qd5+ 40. Kg3 Rhd8 41. Ng6 Qd4 42. g5 Qxf2+ 43. Kxf2 Rd2+ 0-1

[Event "EUR-chT Seniors 50"]
[Site "Mali Losinj"]
[Date "2019.09.18"]
[Round "1.6"]
[White "Sulc, Damir"]
[Black "Olsen, Oystein Leif"]
[Result "1/2-1/2"]
[WhiteElo "2207"]
[BlackElo "1974"]
[PlyCount "87"]
[EventDate "2019.09.18"]
[EventType "team-swiss"]
[EventRounds "9"]
[EventCountry "CRO"]
[SourceTitle "EXT 2020"]
[Source "ChessBase"]
[SourceDate "2019.10.17"]
[SourceVersion "1"]
[SourceVersionDate "2019.10.17"]
[SourceQuality "1"]
[WhiteTeam "Croatia 50 II"]
[BlackTeam "Agder 50"]
[WhiteTeamCountry "CRO"]
[BlackTeamCountry "NOR"]

1. e4 c5 2. Nf3 Nc6 3. d4 cxd4 4. Nxd4 g6 5. Nc3 Bg7 6. Be3 Nf6 7. Bc4 Qa5 8. 0-0 0-0 9. Re1 d6 10. f3 Bd7 11. Nb3 Qc7 12. Bf1 Ne5 13. Nd5 Nxd5 14. exd5 Nc4 15. Bxc4 Qxc4 16. Bd4 Rfe8 17. Bxg7 Kxg7 18. Re4 Qc7 19. Qd4+ f6 20. Rae1 Bf5 21. R4e2 Kf7 22. g4 Bd7 23. Re4 Qb6 24. Qxb6 axb6 25. a3 Ra4 26. Rxa4 Bxa4 27. Nd4 Rc8 28. b3 Bd7 29. a4 Rc3 30. Kf2 h6 31. Re3 Rc8 32. c4 Rh8 33. Kg3 h5 34. h4 g5 35. hxg5 fxg5 36. gxh5 Rxh5 37. Ne6 Bxe6 38. Rxe6 Rh4 39. Re1 Kf6 40. Re6+ Kf7 41. Re1 Kf6 42. Ra1 Rd4 43. a5 Rd3 44. b4 1/2-1/2